01529nam a2200325 i 4500003000500000005001700005008004100022020001800063040002500081050002100106082002300127100003200150245010600182250002000288250002000308264005700328300002400385336002100409337002500430338002300455504005100478505037300529650002800902650002200930700003100952700003100983942004601014952012601060999001701186CSPC20250818103601.0250815s2021 enk 001 0 eng d a9781292356952 cCSPCaCSPCbengerda00aQA372b.E34 202100a515.35bEd951d2231 aEdwards, C. Henry,eauthor.10aDifferentials equations and linear algebra /cC. Henry Edwards, David E. Penney, and David T. Calvis. aFourth edition. aGlobal edition. 1aHarlow, England :bPearson Education Limited,c2021. a767 pages ;c26 cm. 2rdacontentatext 2rdamediaaunmediated 2rdacarrieravolume aIncludes bibliographical references and index.0 aFirst-order differential equations -- Mathematical models and numerical methods -- Linear systems and matrices -- Vector spaces -- Higher-order linear differential equations -- Eigenvalues and eigenvectors -- Linear systems of differential equations -- Matrix exponential methods -- Nonlinear systems and phenomena -- Laplace transform methods -- Power series methods. 0aDifferential equations. 0aAlgebras, Linear.1 aPenney, David E.,eauthor.1 aCalvis, David T.,eauthor. 2ddcn0cBKh515.35iEd951dkENGm2021e23 00102ddc4070aCSPCbCSPCcENGd2025-08-15l0oENG 515.35 Ed951d 2021p029949r2025-08-15 10:27:10t1-1w2025-08-15yBK c30052d30052